000 00657nam a2200253Ia 4500
005 20260306154353.0
008 008 260114s9999 xx 000 0 eng d
020 _a9781316987384
037 _aEBOOK
040 _aCRL
040 _beng
040 _cCRL
041 _2eng
041 _aeng
084 _qCRL
100 _aSmith/Sundaram/Spears/Blaya/Schäfer/Sandhu
_91127408
245 0 _aBullying, Cyberbullying and Student Well-Being in Schools
260 _bCambridge University Press
260 _c2018
650 _a Psychology
856 _uhttps://doi.org/10.1017/9781316987384
942 _cEBOOK
999 _c1707259
_d1707259